A PRINCESS REMEBERS (क. क्र. 7/1 ) (Record no. 379711)

MARC details
000 -LEADER
fixed length control field 00516nam a2200181Ia 4500
008 - FIXED-LENGTH DATA ELEMENTS--GENERAL INFORMATION
fixed length control field 100122s9999 xx 000 0 und d
082 ## - DEWEY DECIMAL CLASSIFICATION NUMBER
Item number 64849
Classification number 923.154
100 ## - MAIN ENTRY--PERSONAL NAME
Personal name GAYATRI DEVI
245 ## - TITLE STATEMENT
Title A PRINCESS REMEBERS (क. क्र. 7/1 )
250 ## - EDITION STATEMENT
Edition statement 0
260 ## - PUBLICATION, DISTRIBUTION, ETC. (IMPRINT)
Name of publisher, distributor, etc RUPA & CO
Date of publication, distribution, etc 1995
300 ## - PHYSICAL DESCRIPTION
Extent 402
520 ## - SUMMARY, ETC.
Summary, etc GAYATRI DEVI OF JAIPUR
620 ## -
-- GAYATRI DEVI OF JAIPUR
630 ## - SUBJECT ADDED ENTRY--UNIFORM TITLE
Uniform title A PRINCESS REMEBERS (क. क्र. 7/1 )
730 ## - ADDED ENTRY--UNIFORM TITLE
Uniform title A PRINCESS REMEBERS (क. क्र. 7/1 )
942 ## - ADDED ENTRY ELEMENTS (KOHA)
Koha item type Book
Holdings
Withdrawn status Lost status Damaged status Not for loan Home library Current library Date acquired Cost, normal purchase price Total Checkouts Full call number Barcode Date last seen Cost, replacement price Price effective from Koha item type Public note
        S.V. Pathak Library, Vile Parle S.V. Pathak Library, Vile Parle 05/08/2004 0.00   64849 SVPPARLE-64849 01/25/2010 0.00 01/25/2010 Book ", , General, NA"